Tratado teórico - práctico de física / (Registro nro. 7736)

Detalles MARC
000 -CABECERA
Campo de control interno 01787nam a2200241Ia 4500
008 - ELEMENTOS DE LONGITUD FIJA - INFORMACIÓN GENERAL
Campo de control de longitud fija 260220t1931||||xx |||||||||||||| ||spa||
040 ## - FUENTE DE CATALOGACIÓN
Agencia de catalogación original PY-SlUNAC
Idioma de catalogación spa
Convenciones de descripción rda
041 ## - CÓDIGO DE IDIOMA
Código de idioma para texto/pista de sonido o título separado spa
082 ## - NÚMERO DE CLASIFICACIÓN DECIMAL DEWEY
Clasificación Decimal Dewey (CDD) 530
Clasificación Expansiva de Cutter (EC) T957t
100 ## - ASIENTO PRINCIPAL - NOMBRE PERSONAL
Nombre personal Turpain, Alberto
Rol del autor Autor
245 #0 - TÍTULO
Título Tratado teórico - práctico de física /
Mención de responsabilidad por Alberto Turpain [Autor]
264 ## - PIE DE IMPRENTA
Lugar Barcelona :
Editorial Araluce,
Año ℗1931.
300 ## - DESCRIPCIÓN FÍSICA
Páginas 1 volumen
520 ## - NOTA DE RESUMEN
Nota de resumen El "Tratado teórico-práctico de física" de Alberto Turpain, publicado en 1931, es una obra integral que aborda de manera exhaustiva los principios fundamentales de la física, integrando tanto la teoría como aplicaciones prácticas. El texto se organiza en secciones que cubren diversas áreas de la física, incluyendo mecánica, termodinámica, electromagnetismo, y óptica, permitiendo al lector comprender los conceptos desde una perspectiva tanto conceptual como experimental. Turpain destaca la importancia de los experimentos y la observación en el aprendizaje de la física, ofreciendo una variedad de ejemplos y ejercicios que facilitan la aplicación de los principios discutidos. Además, el autor presenta una clara exposición de las leyes físicas, apoyada en un lenguaje accesible y didáctico, lo que lo convierte en un recurso valioso para estudiantes y educadores. A través de su enfoque práctico, el libro no solo busca el entendimiento teórico, sino también la habilidad para aplicar los conocimientos en contextos reales, fomentando un aprendizaje activo y crítico.
653 ## - MATERIA - TÉRMINO TEMÁTICO NO CONTROLADO (PALABRAS CLAVE)
Materia - término temático no controlado (palabras clave) Educación científica
653 ## - MATERIA - TÉRMINO TEMÁTICO NO CONTROLADO (PALABRAS CLAVE)
Materia - término temático no controlado (palabras clave) Física
653 ## - MATERIA - TÉRMINO TEMÁTICO NO CONTROLADO (PALABRAS CLAVE)
Materia - término temático no controlado (palabras clave) Métodos de enseñanza
942 ## - ELEMENTOS PERSONALIZADOS (KOHA)
Fecha catalogación 2026/02/17
Tipo de documento Libros
Existencias
Fuente de Clasificacion Colección Ubicacion permanente Biblioteca actual Fecha de Ingreso a la Biblioteca Origen de adquisición Código de ubicación Código de barras Tipo de Item KOHA Nota pública
Dewey Decimal Classification Colección General (CG) Biblioteca e Internet, Facultad de Ciencias Exactas y Naturales Biblioteca e Internet, Facultad de Ciencias Exactas y Naturales 02/20/2026 Donación 530 T957t CG1096 Libros Material disponible en la Biblioteca e Intenet, Campus UNA, San Lorenzo.